Evaluación de los régimenes de promoción industrial 1958-1984 /

Guardado en:
Autor Principal: Sottolano, Miguel A.
Formato: Libro
Idioma:Spanish
Publicado: Buenos Aires : CFI, 1986.
Etiquetas: Agregar Etiqueta
Sin Etiquetas, Sea el primero en etiquetar este registro!
LEADER 00490nam a22001575a 4500
001 EEO.bibeco003352
003 AR-BaUEB
005 20110412134608.0
008 080718s1986####ag############000#0#spa#d
245 1 0 |a Evaluación de los régimenes de promoción industrial 1958-1984 /  |c Miguel A. Sottolano. 
260 |a Buenos Aires :  |b CFI,  |c 1986. 
300 |a 2 v. 
020 |a 9509930822 
100 1 |a Sottolano, Miguel A. 
082 0 4 |a 338.91 
859 |a AR-BaUEB  |b BIB. ECONOMIA - General  |h 338.91  |i So79  |p e06823  |v 2